000 00639nam a22002177a 4500
003 DO-SdBNP
005 20221116090627.0
007 ta
008 110301s2022 dr 000 p spa d
020 _a9798821854483
040 _aDO-SdBNP
_bspa
_cBNPHU
082 4 _axxxx
_bL579s
100 _aLeón Silverio, Oscar de,
_976923
_d1953-
245 1 0 _aSolo el otoño transitamos /
_cOscar de León Silverio
260 _aSanto Domingo :
_b[s.d.],
_c2022.
300 _a127 p. :
_c23 cm.
500 _aIncluye datos biográficos del autor en la pagina 127.
590 _aInventariado, 2022/ YL
910 _aYLockward
942 _2ddc
_cLBS1
999 _c52947
_d52947